| 000 | 00882nam a22002417a 4500 | ||
|---|---|---|---|
| 005 | 20170802105904.0 | ||
| 010 | _aBAC-CH25 | ||
| 020 |
_a9780143332565 _c599.00 |
||
| 035 | _aB-554918-953 | ||
| 035 | _aG-003424 | ||
| 035 | _aB-667170 | ||
| 037 |
_adpl _bAakar/Ven |
||
| 037 | _bReceived from DB Act Children Books | ||
| 082 | _a821 | ||
| 100 | _aSeth, Vikram | ||
| 245 |
_aBeastly tales from here and there / _cby Vikram Seth |
||
| 260 |
_aNew Delhi _bPuffin Books _c2013 |
||
| 270 |
_a11 Community Centre, Panchsheel Park _bNew Delhi _e110017 |
||
| 300 |
_a151p.: _c24cm(Hb) _bill. |
||
| 942 |
_2ddc _cCH _mSET _h821 |
||
| 999 |
_c86696 _d86696 |
||